000 00621nam a2200241Ia 4500
003 OSt
005 20220918212143.0
006 a|||||r|||| 00| 0
007 ta
008 220917b |||||||| |||| 00| 0 eng d
024 _a127,496
037 _cTextual
040 _aARTS
_cARTS
_beng
041 _2eng
_aeng
082 _aW6,3.2, M6
100 _aHaqqi S A H
_9105518
245 0 _aIndian democracy at the crossroads
260 _aDelhi
_bMittal
_c1986
300 _aix, 307p.
_ccm.
650 _aPOLITICAL SCIENCE
942 _hW6,3.2, M6
_cTEXL
_2CC
999 _c250638
_d250638